00622nam a2200205Ia 4500001001300000008004100013020001800054035001600072041001000088084002100098100003100119245010300150260003400253300002200287650002400309650002400333650001200357650001700369700003000386020751017166221003s2002 xx 000 0 spa d a84-8406-355-0 aCENDO_10496 aspab aCD-09437CD-09224 aDESDENTADO BONETE, Aurelio 0aDespido y Jurisprudencia :bla extinción del contrato de trabajo en la unificación de doctrina aValladolid :bLex Nova,c2002 a630 p. ;c 24 cm aDERECHO DEL TRABAJO aCONTRATO DE TRABAJO aDESPIDO aTEORIA LEGAL aPUEBLA PINILLA, Ana de la